000 00451nam a2200157Ia 4500
008 180423s9999 xx 000 0 und d
040 _aPK-NaQUE
100 _a12ME34
100 _aGhazanfar Mehdi
245 0 _aTesting of Engine Performance & Emissions of A Conventional Diesel & Dual Fuel (CNG and Diesel) Engine
260 _aNawabshah
260 _bQUEST
260 _c2012
300 _a66
700 _aDepartment of Mechanical Engineering
999 _c58524
_d58521